00982nam a2200277Ia 4500003000400000005001700004008004100021020001800062040001800080041000800098082002000106100002700126245007100153250001300224260005700237300003100294650003100325650003000356650002400386700002800410700003000438700002400468942003000492999001900522952016300541OSt20241030092232.0210716s2012 xx 000 0 und d a9788131761649 cAIMIT LIBRARY aeng a519.5211bRENB aRender, Barry.9183780 aQuantitative analysis for management /cBy Barry Render...[et.al]. a11th ed. aNew Delhi :bPrentice Hall of India Pvt Ltd ,c2012. axxii,665p. ;bPBc28.8 cm aDecision analysis 9183781 aRegression models9183782 aForecasting9183783 aStair, Ralph M.9183784 aHanna, Michael E.9183785 aBadri, T N.9183786 2ddccBKe11thk519.5 RENB c207659d207659 00102ddc40708MBAaAIMITbAIMITd2012-11-13g499.00iBill no:ABK 599; Bill dt:2012-10l0o519.5 RENBpMBA10225r2025-07-21 00:00:00v399.20w2021-07-16yBK